Tables for emission spectrographic analysis of rare earth elements /

Bibliographic Details
Main Author: Kerekes, Ch
Format: Book
Language:English
French
German
Spanish
Published: New York : Macmillan, 1964.
Subjects:

MARC

Tag First Indicator Second Indicator Subfields
LEADER 00000cam a2200000 4500
001 in00000041011
005 20151007070605.0
008 770325s1964 nyua 00010 eng
010 |a  64013075  
035 |a (OCoLC)02832941 
035 |9 AAE4308AM 
040 |a DLC  |c GAT  |d TXA  |d UtOrBLW 
041 1 |a eng  |a fre  |a ger  |a spa 
049 |a TXAM  |c [406124] 
050 0 0 |a QD172.R2  |b K4 1964a 
082 0 |a 546.4 
092 |a 546.4  |b K39t, 1964 
100 1 |a Kerekes, Ch. 
245 1 0 |a Tables for emission spectrographic analysis of rare earth elements /  |c by Ch. Kerekes. Edited by L. Lang. With an introd. in English, French, German, and Spanish. 
264 1 |a New York :  |b Macmillan,  |c 1964. 
300 |a 1 volume (unpaged) ;  |c 33 cm. and atlas (12 diagrs.) in portfolio. 14 x 25 cm. 
336 |a text  |b txt  |2 rdacontent 
337 |a unmediated  |b n  |2 rdamedia 
338 |a volume  |b nc  |2 rdacarrier 
500 |a The introduction ([10] pages) is inserted. 
500 |a The atlas has title: Atlas for emission spectrographic analysis of rare earth elements. 
500 |a Budapest edition (Akademiai Kiado) issued in a case with title: Atlas and Tables for emission spectrographic analysis of rare earth elements. 
650 0 |a Rare earths  |x Spectra. 
999 |a MARS 
999 f f |s ba3151cd-3fe9-3c5e-86a9-22661b106a9e  |i a0a12fc1-b6b7-3780-95b3-101ed9a19b67  |t 0 
952 f f |p ric  |a Texas A&M University  |b Rellis Campus  |c Joint Library Facility  |d Remote Storage  |t 0  |e QD172.R2 K4 1964a  |h Library of Congress classification  |i unmediated -- volume  |m A14800942152 
998 f f |a QD172.R2 K4 1964a  |t 0  |l Remote Storage